Instrumental Methods of Anlysis (Record no. 73805)

MARC details
000 -LEADER
fixed length control field 00453pam a2200169 a 4500
020 ## - INTERNATIONAL STANDARD BOOK NUMBER
Terms of availability
041 ## - LANGUAGE CODE
Language code of original
082 ## - DEWEY DECIMAL CLASSIFICATION NUMBER
Classification number 543.08
Item number WIL
100 ## - MAIN ENTRY--PERSONAL NAME
Personal name Willard, Hobart H.
245 ## - TITLE STATEMENT
Title Instrumental Methods of Anlysis
Medium Textual Documents
250 ## - EDITION STATEMENT
Edition statement 6th ed.
260 ## - PUBLICATION, DISTRIBUTION, ETC.
Place of publication, distribution, etc. New Delhi
Name of publisher, distributor, etc. CBS Publishers & Distributors
Date of publication, distribution, etc. 1986
300 ## - PHYSICAL DESCRIPTION
Extent 1030.
653 ## - INDEX TERM--UNCONTROLLED
Uncontrolled term Instrumental Analysis
700 ## - ADDED ENTRY--PERSONAL NAME
Personal name Merritt, Lynne L.
-- Dean, John A.
-- Settle, Frank A.
930 ## - EQUIVALENCE OR CROSS-REFERENCE-UNIFORM TITLE HEADING [LOCAL, CANADA]
Uniform title 492
Holdings
Withdrawn status Lost status Damaged status Not for loan Collection Home library Current library Date acquired Source of acquisition Cost, normal purchase price Total Checkouts Full call number Barcode Date last seen Copy number Price effective from Koha item type
          Poona College of Pharmacy, Pune Poona College of Pharmacy, Pune 06/02/1995 S K Kothari Medical Book Sellers 100.00   543.08 WIL PCP-M-225 24/02/2023 2 24/02/2023 Book
          Poona College of Pharmacy, Pune Poona College of Pharmacy, Pune 06/02/1995 S K Kothari Medical Book Sellers 100.00   543.08 WIL PCP-M-224 24/02/2023 1 24/02/2023 Book
          Poona College of Pharmacy, Pune Poona College of Pharmacy, Pune 06/02/1995 Researchco Books & Periodicals Pvt. Ltd. 100.00   543.08 WIL PCP-B-1881 24/02/2023 7 24/02/2023 Book
          Poona College of Pharmacy, Pune Poona College of Pharmacy, Pune 06/02/1995 Researchco Books & Periodicals Pvt. Ltd. 100.00   543.08 WIL PCP-B-1880 24/02/2023 6 24/02/2023 Book
          Poona College of Pharmacy, Pune Poona College of Pharmacy, Pune 06/02/1995 Researchco Books & Periodicals Pvt. Ltd. 100.00   543.08 WIL PCP-B-1879 24/02/2023 5 24/02/2023 Book
          Poona College of Pharmacy, Pune Poona College of Pharmacy, Pune 06/02/1995 Researchco Books & Periodicals Pvt. Ltd. 100.00   543.08 WIL PCP-B-1878 24/02/2023 4 24/02/2023 Book
          Poona College of Pharmacy, Pune Poona College of Pharmacy, Pune 06/02/1995 Researchco Books & Periodicals Pvt. Ltd. 100.00   543.08 WIL PCP-B-1877 24/02/2023 3 24/02/2023 Book